Godzilla: Monsterverse - Statistics

General Stats
  • This quiz has been taken 90 times
  • The average score is 6 of 7
Answer Stats
Year Film % Correct
2014 Godzilla
100%
2017 Kong: Skull Island
99%
2021 Godzilla vs Kong
98%
2019 Godzilla: King of the Monsters
95%
2024 Godzilla x Kong: The New Empire
93%
2023 Monarch: Legacy of Monsters
74%
2023 Skull Island
52%
No matching quizzes found
Score Distribution
Percent of People with Each Score
Percentile by Number Answered
Your Score History
You have not taken this quiz